[Event "IECC O email"]
[Site "IECC email"]
[Date "2002.10.30"]
[Round "?"]
[White "Garcia, Sonny T"]
[Black "Fu, Frank"]
[Result "0-1"]
[WhiteElo "1132"]
[BlackElo "1217"]
[PlyCount "44"]
[EventDate "2002.??.??"]
[EventType "tourn (corr)"]
[EventRounds "6"]
[SourceTitle "Corr 2008"]
[Source "ChessBase"]
[SourceDate "2008.06.24"]
[SourceVersion "1"]
[SourceVersionDate "2008.06.24"]
[SourceQuality "1"]

1. e4 e5 2. Nf3 Nc6 3. Bb5 Nf6 4. 0-0 Nd4 5. Nxd4 exd4 6. d3 c6 7. Ba4 d5 8. exd5 Nxd5 9. Re1+ Be7 10. Nd2 0-0 11. h3 Bb4 12. a3 Bxd2 13. Bxd2 Be6 14. c3 dxc3 15. bxc3 Re8 16. Bb3 Qf6 17. Bc2 Nxc3 18. Bxc3 Qxc3 19. Kh1 Bf5 20. Rxe8+ Rxe8 21. a4 Rd8 22. Rc1 Bxd3 0-1

[Event "IECC O email"]
[Site "IECC email"]
[Date "2002.10.03"]
[Round "?"]
[White "Marques, Tiago Jose Ribeiro"]
[Black "Garcia, Sonny T"]
[Result "1/2-1/2"]
[WhiteElo "1050"]
[BlackElo "1135"]
[PlyCount "60"]
[EventDate "2002.??.??"]
[EventType "tourn (corr)"]
[EventRounds "6"]
[SourceTitle "Corr 2008"]
[Source "ChessBase"]
[SourceDate "2008.06.24"]
[SourceVersion "1"]
[SourceVersionDate "2008.06.24"]
[SourceQuality "1"]

1. e4 e6 2. d4 d5 3. Nd2 dxe4 4. Nxe4 Nd7 5. Nf3 Ngf6 6. Bg5 Be7 7. Qd3 Nxe4 8. Bxe7 Qxe7 9. Qxe4 Nf6 10. Qe2 0-0 11. 0-0-0 b6 12. Qe5 a5 13. Bd3 Bb7 14. c4 Bxf3 15. gxf3 a4 16. Rde1 Ra5 17. Qf4 a3 18. Re3 axb2+ 19. Kb1 Qa3 20. Bxh7+ Nxh7 21. Rxa3 Rxa3 22. Re1 Rfa8 23. Qxc7 Rxa2 24. Re2 R2a6 25. Rxb2 Nf6 26. Rxb6 Ra1+ 27. Kc2 R1a2+ 28. Rb2 R2a7 29. Rb8+ Kh7 30. Qf4 Ra2+ 1/2-1/2

[Event "IECC O email"]
[Site "IECC email"]
[Date "2002.09.18"]
[Round "?"]
[White "Garcia, Sonny T"]
[Black "Agnew, George Hartwell"]
[Result "1-0"]
[WhiteElo "1133"]
[BlackElo "1180"]
[PlyCount "71"]
[EventDate "2002.??.??"]
[EventType "tourn (corr)"]
[EventRounds "6"]
[SourceTitle "Corr 2008"]
[Source "ChessBase"]
[SourceDate "2008.06.24"]
[SourceVersion "1"]
[SourceVersionDate "2008.06.24"]
[SourceQuality "1"]

1. e4 e5 2. Nf3 Nc6 3. Bb5 Bc5 4. 0-0 Qf6 5. Nc3 Nge7 6. d3 0-0 7. Bg5 Qg6 8. Bxe7 Bxe7 9. Bxc6 dxc6 10. Nxe5 Qg5 11. Nf3 Qh6 12. Qd2 Qh5 13. Qf4 Bd6 14. Qh4 Qc5 15. d4 Qb4 16. Rab1 c5 17. e5 Bxe5 18. dxe5 Qxh4 19. Nxh4 Be6 20. b3 a6 21. f4 Rad8 22. Rbd1 Rd4 23. Rxd4 cxd4 24. Ne2 Rd8 25. Rd1 c5 26. Rd3 Bg4 27. Kf2 h6 28. h3 Bxe2 29. Kxe2 Re8 30. Nf3 f6 31. Kd2 Re6 32. c3 dxc3+ 33. Kxc3 fxe5 34. Nxe5 b5 35. Rd8+ Kh7 36. Rc8 1-0

[Event "IECC Swiss email"]
[Site "IECC email"]
[Date "2002.08.26"]
[Round "?"]
[White "Mann, Derek"]
[Black "Garcia, Sonny T"]
[Result "1-0"]
[WhiteElo "1766"]
[BlackElo "1132"]
[PlyCount "39"]
[EventDate "2002.??.??"]
[EventType "tourn (corr)"]
[EventRounds "6"]
[SourceTitle "Corr 2008"]
[Source "ChessBase"]
[SourceDate "2008.06.24"]
[SourceVersion "1"]
[SourceVersionDate "2008.06.24"]
[SourceQuality "1"]

1. e4 e6 2. d4 d5 3. Nc3 Bb4 4. exd5 Bxc3+ 5. bxc3 exd5 6. Bd3 Nf6 7. Ba3 Nc6 8. Nf3 Ne7 9. Qe2 Be6 10. 0-0 0-0 11. Ng5 Qd7 12. Rab1 b6 13. Rfe1 Rfe8 14. Nxe6 fxe6 15. Qxe6+ Qxe6 16. Rxe6 Kf7 17. Ree1 Nc6 18. Bb5 Rxe1+ 19. Rxe1 Na5 20. Re7+ 1-0

[Event "IECC O email"]
[Site "IECC email"]
[Date "2002.06.11"]
[Round "?"]
[White "Brour, Harry"]
[Black "Garcia, Sonny T"]
[Result "0-1"]
[WhiteElo "1185"]
[BlackElo "1143"]
[PlyCount "24"]
[EventDate "2002.??.??"]
[EventType "tourn (corr)"]
[EventRounds "6"]
[SourceTitle "Corr 2008"]
[Source "ChessBase"]
[SourceDate "2008.06.24"]
[SourceVersion "1"]
[SourceVersionDate "2008.06.24"]
[SourceQuality "1"]

1. e4 e6 2. d4 d5 3. e5 c5 4. c3 Nc6 5. Nf3 Nh6 6. Bxh6 gxh6 7. a3 Bg7 8. b4 cxd4 9. cxd4 f6 10. Bb5 0-0 11. exf6 Qxf6 12. Ne5 Qxf2# 0-1

[Event "IECC O email"]
[Site "IECC email"]
[Date "2002.06.11"]
[Round "?"]
[White "Garcia, Sonny T"]
[Black "Wilkinson, David"]
[Result "0-1"]
[WhiteElo "1157"]
[BlackElo "1209"]
[PlyCount "30"]
[EventDate "2002.??.??"]
[EventType "tourn (corr)"]
[EventRounds "6"]
[SourceTitle "Corr 2008"]
[Source "ChessBase"]
[SourceDate "2008.06.24"]
[SourceVersion "1"]
[SourceVersionDate "2008.06.24"]
[SourceQuality "1"]

1. e4 c5 2. Nf3 d6 3. d4 cxd4 4. Nxd4 Nf6 5. Nc3 Nc6 6. Be3 e6 7. f3 Be7 8. Qd2 0-0 9. g4 d5 10. exd5 Nxd5 11. Nxd5 Qxd5 12. Bg2 Bh4+ 13. Kf1 Rd8 14. Rd1 Qxa2 15. Qc3 e5 0-1

[Event "IECC Swiss email"]
[Site "IECC email"]
[Date "2002.06.09"]
[Round "?"]
[White "Garcia, Sonny T"]
[Black "Raynolds, Pete"]
[Result "0-1"]
[WhiteElo "1180"]
[BlackElo "1613"]
[PlyCount "48"]
[EventDate "2002.??.??"]
[EventType "tourn (corr)"]
[EventRounds "6"]
[SourceTitle "Corr 2008"]
[Source "ChessBase"]
[SourceDate "2008.06.24"]
[SourceVersion "1"]
[SourceVersionDate "2008.06.24"]
[SourceQuality "1"]

1. e4 c6 2. d4 d5 3. Nd2 dxe4 4. Nxe4 Nd7 5. Ng5 Nb6 6. N1f3 g6 7. Nxf7 Kxf7 8. c4 Bh6 9. Bxh6 Nxh6 10. c5 Nd5 11. Ne5+ Kg7 12. Qd2 Rf8 13. h4 Nf6 14. f3 Nf7 15. Nxf7 Rxf7 16. Bc4 Rf8 17. 0-0-0 b5 18. cxb6 axb6 19. g4 Qd6 20. g5 Nh5 21. Be2 Qf4 22. Qxf4 Nxf4 23. Rd2 Be6 24. b3 Bxb3 0-1

[Event "IECC Swiss email"]
[Site "IECC email"]
[Date "2002.05.12"]
[Round "?"]
[White "Garcia, Sonny T"]
[Black "McCarthy, Michael"]
[Result "1-0"]
[WhiteElo "1140"]
[BlackElo "1332"]
[PlyCount "71"]
[EventDate "2002.??.??"]
[EventType "tourn (corr)"]
[EventRounds "6"]
[SourceTitle "Corr 2008"]
[Source "ChessBase"]
[SourceDate "2008.06.24"]
[SourceVersion "1"]
[SourceVersionDate "2008.06.24"]
[SourceQuality "1"]

1. e4 Nf6 2. Nc3 d5 3. e5 d4 4. exf6 dxc3 5. fxg7 cxd2+ 6. Bxd2 Bxg7 7. c3 Nc6 8. Nf3 Bg4 9. g3 Ne5 10. Qa4+ c6 11. Nxe5 Bxe5 12. Qxg4 Qd5 13. f3 Rd8 14. Be3 a5 15. Bc4 Qd7 16. Qxd7+ Rxd7 17. 0-0 h5 18. Rad1 f6 19. Rxd7 Kxd7 20. Rd1+ Kc7 21. Bc5 Bd6 22. Bxd6+ exd6 23. Be6 h4 24. Rd4 hxg3 25. hxg3 Re8 26. Re4 d5 27. Bxd5 Rxe4 28. Bxe4 Kd6 29. f4 b5 30. Kf2 c5 31. Ke3 a4 32. g4 b4 33. cxb4 cxb4 34. Bc2 a3 35. bxa3 bxa3 36. Kd4 1-0

[Event "IECC O email"]
[Site "IECC email"]
[Date "2002.04.09"]
[Round "?"]
[White "Garcia, Sonny T"]
[Black "Paccione, Patrizio"]
[Result "1/2-1/2"]
[WhiteElo "1190"]
[BlackElo "1033"]
[PlyCount "53"]
[EventDate "2002.??.??"]
[EventType "tourn (corr)"]
[EventRounds "6"]
[SourceTitle "Corr 2008"]
[Source "ChessBase"]
[SourceDate "2008.06.24"]
[SourceVersion "1"]
[SourceVersionDate "2008.06.24"]
[SourceQuality "1"]

1. e4 e5 2. Nf3 Nf6 3. Nc3 Nc6 4. Bb5 Nd4 5. Ba4 Nxf3+ 6. Qxf3 c6 7. 0-0 Be7 8. d3 0-0 9. Bg5 b5 10. Bb3 Bb7 11. Ne2 d5 12. Bxf6 Bxf6 13. Ng3 Bh4 14. Nf5 Bf6 15. Rad1 a5 16. c3 Bc8 17. exd5 a4 18. dxc6 axb3 19. c7 Qxc7 20. Qxa8 Bxf5 21. Qf3 Qd7 22. axb3 Bg4 23. Qe3 Bxd1 24. Rxd1 Ra8 25. Qd2 Qa7 26. h3 h6 27. c4 1/2-1/2

[Event "IECC O email"]
[Site "IECC email"]
[Date "2002.01.21"]
[Round "?"]
[White "Garcia, Sonny T"]
[Black "Thompson, James"]
[Result "1-0"]
[WhiteElo "1163"]
[BlackElo "1228"]
[PlyCount "81"]
[EventDate "2002.??.??"]
[EventType "tourn (corr)"]
[EventRounds "6"]
[SourceTitle "Corr 2008"]
[Source "ChessBase"]
[SourceDate "2008.06.24"]
[SourceVersion "1"]
[SourceVersionDate "2008.06.24"]
[SourceQuality "1"]

1. e4 e5 2. Nf3 Nc6 3. Bb5 a6 4. Ba4 Nf6 5. Qe2 b5 6. Bb3 Na5 7. Nxe5 Nxb3 8. axb3 Bb7 9. d3 Qe7 10. Nf3 d5 11. e5 Nd7 12. d4 c5 13. c3 cxd4 14. cxd4 Qb4+ 15. Nbd2 h6 16. 0-0 Qe7 17. Re1 Qe6 18. Nf1 Bb4 19. Bd2 Bxd2 20. Qxd2 0-0 21. Rac1 Nb6 22. Ng3 Bc8 23. Nh4 Qg4 24. Nf3 Bd7 25. Qa5 Nc8 26. h3 Qg6 27. Rc7 Ra7 28. Rec1 Re8 29. Rxa7 Nxa7 30. Qc7 Rc8 31. Qxd7 Rxc1+ 32. Kh2 Qc2 33. Qxa7 Qxf2 34. Qa8+ Kh7 35. Qxd5 Rc2 36. Qe4+ Kg8 37. Qa8+ Kh7 38. Qe4+ g6 39. Ne1 Rd2 40. Nd3 f5 41. Qb7+ 1-0

[Event "IECC CL7-2001.27"]
[Site "IECC email"]
[Date "2001.11.21"]
[Round "?"]
[White "Tranquillo, Massimo"]
[Black "Garcia, Sonny T"]
[Result "0-1"]
[WhiteElo "1165"]
[BlackElo "1122"]
[PlyCount "38"]
[EventDate "2001.??.??"]
[EventType "tourn (corr)"]
[EventRounds "4"]
[SourceTitle "Corr 2008"]
[Source "ChessBase"]
[SourceDate "2008.06.24"]
[SourceVersion "1"]
[SourceVersionDate "2008.06.24"]
[SourceQuality "1"]

1. e4 e6 2. d4 d5 3. Nc3 Bb4 4. a3 Bxc3+ 5. bxc3 dxe4 6. Qg4 Nf6 7. Qxg7 Rg8 8. Qh6 Rg6 9. Qe3 Nc6 10. Bb5 Rxg2 11. Nh3 Bd7 12. Bd2 a6 13. Bc4 Na5 14. Bb3 Nxb3 15. cxb3 Bc6 16. 0-0-0 Ng4 17. Qf4 Qh4 18. Ng5 Qxf2 19. Qxc7 Ne3 0-1

[Event "IECC Swiss email"]
[Site "IECC email"]
[Date "2001.08.20"]
[Round "?"]
[White "Kendall, Donald"]
[Black "Garcia, Sonny T"]
[Result "1-0"]
[WhiteElo "1737"]
[BlackElo "1122"]
[PlyCount "41"]
[EventDate "2001.??.??"]
[EventType "tourn (corr)"]
[EventRounds "6"]
[SourceTitle "Corr 2008"]
[Source "ChessBase"]
[SourceDate "2008.06.24"]
[SourceVersion "1"]
[SourceVersionDate "2008.06.24"]
[SourceQuality "1"]

1. d4 d5 2. e3 Nf6 3. Nf3 c6 4. Be2 e6 5. 0-0 Nbd7 6. c4 Be7 7. Nc3 b5 8. cxb5 cxb5 9. Bxb5 a6 10. Bd3 0-0 11. Bd2 Bb7 12. Rc1 a5 13. Qc2 Rc8 14. Qb1 Ne8 15. Bxh7+ Kh8 16. Bd3 Nd6 17. b3 Nf6 18. Ne5 Ng8 19. Na4 Bg5 20. Nc5 Rc7 21. Bxa5 1-0

[Event "IECC Swiss email"]
[Site "IECC email"]
[Date "2001.08.06"]
[Round "?"]
[White "Garcia, Sonny T"]
[Black "Berkley, Stephen W"]
[Result "0-1"]
[WhiteElo "1140"]
[BlackElo "1823"]
[PlyCount "86"]
[EventDate "2001.??.??"]
[EventType "tourn (corr)"]
[EventRounds "6"]
[SourceTitle "Corr 2008"]
[Source "ChessBase"]
[SourceDate "2008.06.24"]
[SourceVersion "1"]
[SourceVersionDate "2008.06.24"]
[SourceQuality "1"]

1. e4 Nc6 2. Nf3 d6 3. Bb5 Nf6 4. Qe2 a6 5. Ba4 b5 6. Bb3 Na5 7. h3 Bb7 8. e5 Nxb3 9. axb3 dxe5 10. Qxe5 Bxf3 11. gxf3 c5 12. d3 Qd5 13. Qxd5 Nxd5 14. c4 Nb4 15. Kd2 Rd8 16. Rd1 Rxd3+ 17. Ke2 Rxd1 18. Kxd1 e5 19. Bd2 Kd7 20. Bxb4 cxb4 21. Rxa6 bxc4 22. bxc4 Bc5 23. Ke2 f5 24. Nd2 Rc8 25. b3 Rc6 26. Rxc6 Kxc6 27. Nf1 Kd6 28. Ng3 g6 29. h4 h5 30. Nh1 f4 31. Kd3 Ke6 32. Ke4 Be7 33. Kd3 Bxh4 34. Ke4 Be7 35. Kd3 Bc5 36. Ke4 g5 37. Kd3 Kf5 38. Ke2 g4 39. fxg4+ hxg4 40. Kf1 Ke4 41. Ke2 Bb6 42. Kd2 Kf3 43. Ke1 Kg2 0-1

[Event "IECC O email"]
[Site "IECC email"]
[Date "2001.04.16"]
[Round "?"]
[White "Ellis, Nick"]
[Black "Garcia, Sonny T"]
[Result "1-0"]
[WhiteElo "1194"]
[BlackElo "1121"]
[PlyCount "59"]
[EventDate "2001.??.??"]
[EventType "tourn (corr)"]
[EventRounds "6"]
[SourceTitle "Corr 2008"]
[Source "ChessBase"]
[SourceDate "2008.06.24"]
[SourceVersion "1"]
[SourceVersionDate "2008.06.24"]
[SourceQuality "1"]

1. e4 e6 2. d4 d5 3. Nc3 Bb4 4. exd5 exd5 5. Bd3 Nc6 6. Nge2 Nge7 7. 0-0 Bxc3 8. bxc3 0-0 9. Rb1 Rb8 10. Ba3 Re8 11. Re1 Bf5 12. Ng3 Bxd3 13. cxd3 Ng6 14. Qg4 Rxe1+ 15. Rxe1 Qh4 16. Qf5 Qf6 17. Qxd5 Nf4 18. Qb5 a6 19. Qxb7 Rd8 20. Qxa6 h6 21. Bc1 Nd5 22. Bd2 Rd6 23. Ne4 Qg6 24. Bf4 Nxf4 25. g3 Nh3+ 26. Kg2 Nf4+ 27. Kh1 Nb8 28. Qc8+ Kh7 29. Nxd6 Qxd6 30. gxf4 1-0

[Event "IECC O email"]
[Site "IECC email"]
[Date "2001.04.16"]
[Round "?"]
[White "Garcia, Sonny T"]
[Black "Bousquet, Christophe"]
[Result "1-0"]
[WhiteElo "1084"]
[BlackElo "984"]
[PlyCount "71"]
[EventDate "2001.??.??"]
[EventType "tourn (corr)"]
[EventRounds "6"]
[SourceTitle "Corr 2008"]
[Source "ChessBase"]
[SourceDate "2008.06.24"]
[SourceVersion "1"]
[SourceVersionDate "2008.06.24"]
[SourceQuality "1"]

1. e4 Nc6 2. d4 d5 3. Nc3 Nf6 4. e5 Ne4 5. Nge2 e6 6. Nxe4 dxe4 7. Nc3 g6 8. Be3 Bb4 9. Bb5 0-0 10. 0-0 Bxc3 11. bxc3 Qd7 12. c4 a6 13. Ba4 Rd8 14. c3 Qe7 15. Bxc6 bxc6 16. Qg4 f5 17. exf6 Qxf6 18. Bg5 e5 19. Bxf6 Bxg4 20. Bxd8 Rxd8 21. f3 exd4 22. fxg4 dxc3 23. Rac1 Rd2 24. Rxc3 Rxa2 25. Re1 Kf7 26. Rxe4 Kf6 27. Ree3 Ra1+ 28. Kf2 Ra5 29. Ra3 Rc5 30. Rec3 a5 31. Ra4 h5 32. gxh5 Rxh5 33. h3 Re5 34. c5 Rd5 35. Rxa5 Rd2+ 36. Kf3 1-0

[Event "IECC KO email"]
[Site "IECC email"]
[Date "2001.03.29"]
[Round "?"]
[White "Garcia, Sonny T"]
[Black "Vio, Mauro"]
[Result "0-1"]
[WhiteElo "1131"]
[BlackElo "1393"]
[PlyCount "66"]
[EventDate "2001.??.??"]
[EventType "tourn (corr)"]
[EventRounds "6"]
[SourceTitle "Corr 2008"]
[Source "ChessBase"]
[SourceDate "2008.06.24"]
[SourceVersion "1"]
[SourceVersionDate "2008.06.24"]
[SourceQuality "1"]

1. e4 e5 2. Nf3 Nc6 3. Bb5 a6 4. Ba4 b5 5. Bb3 Nf6 6. 0-0 Bc5 7. Nc3 d6 8. h3 Nd4 9. Bd5 Nxd5 10. Nxd5 Nxf3+ 11. Qxf3 c6 12. Ne3 0-0 13. d3 Be6 14. Nf5 Bxf5 15. Qxf5 Qc8 16. Qxc8 Raxc8 17. Re1 f5 18. Be3 Bxe3 19. Rxe3 f4 20. Rf3 g5 21. g4 Kf7 22. a4 b4 23. b3 d5 24. Rd1 Ke6 25. Kg2 Rcd8 26. Rh1 dxe4 27. dxe4 Rd2 28. Rc1 Rfd8 29. c4 Re2 30. Kf1 Rxe4 31. c5 Red4 32. Kg2 e4 33. Re1 Kd5 0-1

[Event "IECC CL7-2001.09"]
[Site "IECC email"]
[Date "2001.03.23"]
[Round "?"]
[White "Delire, Michael"]
[Black "Garcia, Sonny T"]
[Result "1/2-1/2"]
[WhiteElo "997"]
[BlackElo "1137"]
[PlyCount "52"]
[EventDate "2001.??.??"]
[EventType "tourn (corr)"]
[EventRounds "4"]
[SourceTitle "Corr 2008"]
[Source "ChessBase"]
[SourceDate "2008.06.24"]
[SourceVersion "1"]
[SourceVersionDate "2008.06.24"]
[SourceQuality "1"]

1. d4 d5 2. Nf3 Nf6 3. c4 c6 4. Nc3 e6 5. Bg5 Nbd7 6. e3 Be7 7. Qc2 dxc4 8. Bxc4 b5 9. Bd3 Bb7 10. 0-0 0-0 11. e4 b4 12. e5 Ne8 13. Bxe7 Qxe7 14. Na4 Kh8 15. Rfe1 Nc7 16. b3 Nd5 17. g3 f5 18. exf6 Qxf6 19. Be4 N7b6 20. Nc5 Rab8 21. Nxb7 Rxb7 22. Ne5 g6 23. Nxc6 Rc7 24. Bxd5 Nxd5 25. Qc5 Qxf2+ 26. Kh1 Qf3+ 1/2-1/2

[Event "IECC CL7-2001.09"]
[Site "IECC email"]
[Date "2001.03.23"]
[Round "?"]
[White "Garcia, Sonny T"]
[Black "Mierzwa, Leszek"]
[Result "1-0"]
[WhiteElo "1103"]
[BlackElo "1109"]
[PlyCount "45"]
[EventDate "2001.??.??"]
[EventType "tourn (corr)"]
[EventRounds "4"]
[SourceTitle "Corr 2008"]
[Source "ChessBase"]
[SourceDate "2008.06.24"]
[SourceVersion "1"]
[SourceVersionDate "2008.06.24"]
[SourceQuality "1"]

1. e4 e5 2. Nf3 Nc6 3. Bb5 Nf6 4. 0-0 Bc5 5. Nc3 a6 6. Bxc6 bxc6 7. Nxe5 0-0 8. d3 Re8 9. Nf3 d6 10. Bg5 Bg4 11. Re1 d5 12. e5 Bxf3 13. Qxf3 Qe7 14. Re2 Qd7 15. exf6 gxf6 16. Bxf6 Rxe2 17. Qg3+ Kf8 18. Qg7+ Ke8 19. Qg8+ Bf8 20. Nxe2 Qd6 21. Qh8 Kd7 22. Be5 Qe6 23. Nd4 1-0

[Event "IECC M email"]
[Site "IECC email"]
[Date "2001.03.17"]
[Round "?"]
[White "Garcia, Sonny T"]
[Black "Hargreaves, John Richard"]
[Result "1-0"]
[WhiteElo "1119"]
[BlackElo "1170"]
[PlyCount "33"]
[EventDate "2001.??.??"]
[EventType "tourn (corr)"]
[EventRounds "6"]
[SourceTitle "Corr 2008"]
[Source "ChessBase"]
[SourceDate "2008.06.24"]
[SourceVersion "1"]
[SourceVersionDate "2008.06.24"]
[SourceQuality "1"]

1. e4 e5 2. Nf3 Nf6 3. Nc3 d6 4. d4 exd4 5. Qxd4 c5 6. Qe3 Ng4 7. Qe2 Be7 8. h3 Ne5 9. Bf4 Nbc6 10. 0-0-0 Qc7 11. Nd5 Qb8 12. Qb5 Bd7 13. Nxe7 Nxe7 14. Qb3 Be6 15. Qa3 Qc7 16. Bb5+ Bd7 17. Bxd7+ 1-0

[Event "IECC CL6-2001.10"]
[Site "IECC email"]
[Date "2001.03.13"]
[Round "?"]
[White "Garcia, Sonny T"]
[Black "Signorin, Luca"]
[Result "0-1"]
[WhiteElo "1099"]
[BlackElo "1359"]
[PlyCount "74"]
[EventDate "2001.??.??"]
[EventType "tourn (corr)"]
[EventRounds "4"]
[SourceTitle "Corr 2008"]
[Source "ChessBase"]
[SourceDate "2008.06.24"]
[SourceVersion "1"]
[SourceVersionDate "2008.06.24"]
[SourceQuality "1"]

1. e4 e5 2. Nf3 Nc6 3. Bb5 Bb4 4. 0-0 Nf6 5. c3 Bc5 6. d4 Be7 7. Bxc6 bxc6 8. dxe5 Nxe4 9. Re1 Nc5 10. b4 Ne6 11. c4 Bxb4 12. Re2 Ba6 13. Nbd2 Rb8 14. Qa4 0-0 15. Qxa6 Nc5 16. Qxa7 Ra8 17. Qxa8 Qxa8 18. Bb2 Nd3 19. Bd4 c5 20. Be3 Re8 21. Nb3 Nxe5 22. Nxe5 Rxe5 23. Rd1 d6 24. h3 Re4 25. Rc2 h6 26. Kh1 Qa6 27. Rdc1 Ba3 28. Nd2 Re6 29. Ra1 Qa4 30. Nb3 Re4 31. Re1 Rxc4 32. Rce2 Bb4 33. Rd1 Rc3 34. Bd2 Rc2 35. Ra1 c4 36. a3 cxb3 37. Bxb4 Rxe2 0-1